000 01336 a2200301 4500
003 Nust
005 20230821105618.0
010 _a 2012044884
020 _a0
020 _c0071781749 (set : alk. paper)
020 _a9780071781718 (p/n book)
020 _a9780071781725 (p/n CD)
020 _a9780071781749 (set : alk. paper)
020 _a978-1-25-906460-9
040 _cNust
082 0 0 _a005.8,HAR
100 1 _aHarris, Shon.
_995154
245 1 0 _aCISSP Exam Guide /
_cShon Harris.
246 3 _aCISSP all-in-one exam guide
250 _aSixth edition.
300 _a1 CD-ROM (4 3/4 in.).
300 _axxiii, 1430 pages :
_billustrations ;
_c24 cm
490 0 _aAll-in-one
505 _aBecoming a CISSP (Page-1), Information Security Governance and Risk Management (Page-21), Access Control (Page-157), Security Architecture and Design (Page-297), Physical and Environmental Security (Page-427), Telecommunications and Network Security (Page-515), Cryptography (Page-759), Business Continuity and Disaster Recovery (Page-885), Legal, Regulations, Compliance, and Investigations (Page-979), Software Development Security (Page-1081), Security Operations(Page-1233),
650 0 _aComputer networks
_xExaminations
_994252
650 0 _aTelecommunications engineers
_xCertification.
_994256
942 _2ddc
_cREF
999 _c218199
_d218199